00628nam a22001937a 450000500170000001000150001702000260003203500130005803700130007108200170008410000150010124500930011625000110020926000460022027001070026630000250037350000190039870000170041720130916161602.0 aENG-108298 c240.00a9789350352342 aEN-91831 bDBAD/PUB a344.54012164 aKumar,H.L. aPractical guide to payment of bonus :cby H.L. Kumar [and] Gaurav Kumarbact and rules / a4th ed aNew DelhibUniversal Law Publishingc2013 aC-FF-1A, Dilkhush Industrial Estate, (near Azadpur Metro Station) G.T. Karnal Road,bNew Delhie110033 axxi,157p.c24cm(pbk) aIncludes index aGaurav Kumar